Normal view
MARC view
- البنوك- المحاسبة
Entry Topical Term
001 - CONTROL NUMBER
- control field: 30895
003 - CONTROL NUMBER IDENTIFIER
- control field: JO-AjAnu
005 - DATE AND TIME OF LATEST TRANSACTION
- control field: 20230606075216.0
008 - FIXED-LENGTH DATA ELEMENTS
- fixed length control field: 230606|| aca||aabn | a|a d
040 ## - CATALOGING SOURCE
- Original cataloging agency: JO-AjAnu
- Transcribing agency: JO-AjAnu
150 ## - HEADING--TOPICAL TERM
- Topical term or geographic name entry element: البنوك- المحاسبة
670 ## - SOURCE DATA FOUND
- Source citation: Work cat.: (JO-AjAnu)15866: شقير، فائق / م.مشارك: عاطف الاخرس، عبدالرحمن سالم, author 30894, محاسبة البنوك